000
00277 a2200133 4500
001
194736
040
_c
Magnum
100
_a
Caeiro, Alberto
240
1
0
_a
Poemas Inconjuntos
_l
por
245
1
0
_a
Poemas Inconjuntos
300
_a
16
697
_a
LITERATURA GERAL
942
_c
BK
999
_c
194736
_d
194736